LEADER 01021nam a2200253 i 4500 001 000000243415 003 CaOOAMICUS 005 20210218144446.0 008 150703s1979 it u000 u mul u 013 $a222320 020 $a0-517-524147 040 $aSeMil$bita 100 1 $aHupka, Robert.$0(OLS)http://semarc/name/82186 245 10$aMichelangelo :$bPietà /$c150 photographs and Commentary by Robert Hupka. 260 $aNew York :$bCrown publishers,$cstampa 1979. 300 $a95 p. :$bricco di fotografie ;$c15x23 cm. 650 4$aBuonarroti, Michelangelo <1475-1564> . Pietà Rondanini.$0(OLS)http://semarc/subject/28617 850 $aSeMil 852 $aSeMil$W1$xVenegono$y1$m5G I 97$j224358$B193761$CSeMilBibl$Z2$F205685 $81 961 $aOmaggio: Altro 996 $6020$a0-517-524147$9(OLS)http://semarc/number/251181 996 $6245$aMichelangelo :$bPietà$9(OLS)http://semarc/title/345269 996 $6260$aNew York :$bCrown publishers$9(OLS)http://semarc/publisher/50198 LEADER 01133nam a2200253 i 4500 001 000000043475 003 CaOOAMICUS 005 20090818000000.0 008 090818s1968 fr u000 u fre u 013 $a14645 040 $aSeMil$bita 100 1 $aLatourelle, René,$c.$0(OLS)http://semarc/name/89624 245 10$aThéologie science du salut /$cRené Latourelle. 260 $aMontréal :$bBellarmin,$c1968. 260 $aParis ; Bruges :$bDesclée de Brouwer,$c1968. 300 $a286 p. ;$c22 cm. 490 0 $aEssais pour notre temps. Section de théologie ;$v5 650 4$aTeologia - Sec. 20. - Periodo postconciliare.$0(OLS)http://semarc/subject/9285 830 0$aEssais pour notre temps. Section de théologie ;$v5.$0(OLS)http://semarc/title/29034 850 $aSeMil 852 $aSeMil$W1$xVenegono$y1$m2B II 302$j9630$B9630$CSeMilBibl$Z2$F9630 $81 996 $6245$aThéologie science du salut$9(OLS)http://semarc/title/63895 996 $6260$aParis ; Bruges :$bDesclée de Brouwer$9(OLS)http://semarc/publisher/32352 996 $6260$aMontréal :$bBellarmin$9(OLS)http://semarc/publisher/32274